Представление документа в формате RUSMARC

ПолеНазваниеЗначение
  Тип записи a
  Библиографический уровень m
001 Контрольный номер f5c04e8519724858b2fd579103c659cb
005 Дата корректировки 20230818125645.8
010 Индекс ISBN __
a ISBN 978-5-04-167359-8
d Цена 535-00
100 Данные общей обработки __
a Данные общей обработки 20230801d2023####am#y0rusy50######ca
101 Язык документа 0_
a Язык текста rus
c Язык оригинала rus
102 Страна публикации __
a Страна публикации RU
200 Заглавие и сведения об ответственности 1_
a Заглавие К России с любовью!
e Сведения, относящиеся к заглавию в поисках тишины, восходов и изумрудного варенья
f Первые сведения об ответственности Юлия Евдокимова
210 Выходные данные 1_
a Место издания Москва
c Издательство Хлеб*Соль
d Дата издания 2023
215 Физическое описание __
a Объем 414, [1] с.
c Иллюстрации/тип воспроизводства фот.
225 Серия (Журнальная рубрика) 2_
a Серия (Журнальная рубрика) Еда, города, истории. Книги со вкусом путешествий
320 Библиография __
a Библиография Указатель: с. 414-415
330 Аннотация __
a Аннотация Автор-блогер предлагает побывать в старинных российских городах и приготовить блюда по местным рецептам из привычных продуктов.
333 Примечание о целевом назначении __
a Примечание о целевом назначении 16+
606 Тематические рубрики __
a Основная рубрика География
y Географическая подрубрика Переславль-Залесский
y Географическая подрубрика Ростов Великий
y Географическая подрубрика Рыбинск
y Географическая подрубрика Гороховец
y Географическая подрубрика Тутаев
y Географическая подрубрика Углич
y Географическая подрубрика Арзамас
y Географическая подрубрика Козьмодемьянск
y Географическая подрубрика Чебоксары
y Географическая подрубрика Суздаль
y Географическая подрубрика Городец
y Географическая подрубрика Плес
y Географическая подрубрика Торжок
y Географическая подрубрика Россия
606 Тематические рубрики __
a Основная рубрика Страноведение
606 Тематические рубрики __
a Основная рубрика Пищевые производства
606 Тематические рубрики __
a Основная рубрика Кулинария
610 Ключевые слова 0_
a Ключевые слова кулинарные книги
a Ключевые слова путеводители
a Ключевые слова достопримечательности городов
a Ключевые слова кулинарные рецепты
a Ключевые слова салаты
a Ключевые слова закуски
a Ключевые слова рыбные блюда
a Ключевые слова мясные блюда
a Ключевые слова каши
a Ключевые слова соленья
a Ключевые слова пироги
a Ключевые слова сладкие блюда
a Ключевые слова варенья
a Ключевые слова напитки
a Ключевые слова вареники
a Ключевые слова блины
686 Индексы других классификаций __
a Индекс ББК 26.89(2Рос)
686 Индексы других классификаций __
a Индекс ББК 36.997
700 Автор _1
a Фамилия Евдокимова
b Имя Ю. В.
g Полное личное имя Юлия Владиславовна
801 Источник записи _0
a Страна RU
b Организация Центральная районная библиотека им. Г. А. Пирожникова
c Дата составления 20230801
g Правила каталогизации bzbo
801 Источник записи _1
a Страна RU
b Организация Центральная районная библиотека им. Г. А. Пирожникова
c Дата составления 20230801
g Правила каталогизации bzbo
852 Данные о местонахождении __
j Шифр хранения 26.89(2Рос)
i Авторский знак Е 155
901 Тип документа __
t Тип документа m
902 Роль лиц __
a Создатель БЗ ОКиО/Колмакова